000 00293nam a22001337a 4500
008 181019b xxu||||| |||| 00| 0 eng d
020 _a9780060165741
041 _aeng
080 _a941
100 _a17
101 _aHIS
245 _aThe Birth of the Modern
_cJohnson, P
942 _2udc
_cBK
999 _c50266
_d50266